Sports Quiz

Random Sports or Football Quiz

Ottawa Senators all-time modern day roster Quiz Stats

 Plays Quiz not verified by Sporcle

Challenge
Share
Tweet
Embed
Score 0/283 Timer 20:00
0 Plays Today
Position Player % Correct
F*Daniel Alfredsson
98%
FMarian Hossa
94.5%
F*Chris Neil
94.5%
D*Chris Phillips
94.5%
F*Jason Spezza
94.5%
DWade Redden
94.2%
FDany Heatley
93.9%
D*Erik Karlsson
93.5%
FAlexei Yashin
92.5%
G*Craig Anderson
91.8%
FMike Fisher
91.1%
F*Zack Smith
91.1%
DDerek Smith
90.8%
DJason Smith
90.8%
FRadek Bonk
90.1%
FMartin Havlat
90.1%
FChris Kelly
89.8%
DZdeno Chara
89.4%
GRay Emery
88.7%
FMagnus Arvedson
88.1%
FAndreas Dackell
87.4%
D*Sergei Gonchar
87.4%
F*Colin Greening
87%
FNick Foligno
86.7%
FAlexandre Daigle
86%
DFilip Kuba
86%
F*Erik Condra
85.7%
F*Milan Michalek
84.6%
FShawn McEachern
84%
D/FChristoph Schubert
84%
FShaun Van Allen
84%
DAnton Volchenkov
84%
G*Robin Lehner
84%
DJoe Corvo
83.6%
GBrian Elliott
83.6%
FMike Comrie
83.3%
DJason York
83.3%
GDominik Hasek
83.3%
GPatrick Lalime
83.3%
GDamian Rhodes
82.6%
GRon Tugnutt
82.6%
DBrian Lee
82.3%
GPascal Leclaire
81.9%
F*Peter Regin
81.6%
FAntoine Vermette
81.6%
D*Jared Cowen
81.2%
FTodd White
81.2%
FPeter Bondra
80.5%
FDean McAmmond
80.5%
GJani Hurme
80.5%
DMatt Carkner
80.2%
FAlexei Kovalev
80.2%
DAndrej Meszaros
79.9%
FPeter Schaefer
79.5%
GMartin Gerber
79.5%
FBryan Smolinski
79.2%
F*Kyle Turris
78.9%
FPatrick Eaves
78.8%
DJanne Laukkanen
78.8%
DKarel Rachunek
78.8%
DSami Salo
78.8%
GAlex Auld
78.8%
DMike Commodore
78.5%
DNorm Maciver
78.5%
DTom Preissing
78.2%
DSteve Duchesne
77.8%
FMark Lamb
77.8%
FCory Stillman
77.8%
D/FDennis Vial
77.8%
FSergei Zholtok
77.8%
GMartin Prusek
77.8%
FDave Archibald
77.5%
FBobby Butler
77.5%
FAndre Roy
77.5%
FJean-Yves Roy
77.5%
D*Patrick Wiercioch
77.5%
GCraig Billington
77.1%
FTyler Arnason
76.8%
FLaurie Boschman
76.8%
DGord Dineen
76.8%
FKevin Dineen
76.8%
DCurtis Leschyshyn
76.8%
FChris Murray
76.5%
FTroy Murray
76.5%
DBrad Shaw
76.5%
FRob Zamuner
76.5%
FIlya Zubov
76.5%
FJamie Baker
76.1%
DBrad Marsh
76.1%
GDon Beaupre
76.1%
FPavol Demitra
75.8%
DLance Pitlick
75.8%
FJarkko Ruutu
75.8%
F*Mika Zibanejad
75.4%
FBob Kudelski
75.4%
Position Player % Correct
FBrian McGrattan
75.4%
DStanislav Neckar
75.4%
FRob Ray
75.4%
GTom Barrasso
75.4%
FRandy Cunneyworth
75.1%
FJoe Juneau
75.1%
FAlexei Kaigorodov
75.1%
DIgor Kravchuk
75.1%
FDenny Lambert
75.1%
FBrad Smyth
75.1%
FJuha Ylonen
75.1%
FDave McLlwain
74.7%
D*Andre Benoit
74.4%
FPetr Schastlivy
74.4%
FPat Elynuik
74.1%
FPat Falloon
74.1%
FAndrew McBain
74.1%
FChris Bala
73.7%
FCody Bass
73.7%
FMatt Cullen
73.7%
FAndreas Johansson
73.4%
DDarren Rumble
73.4%
FSylvain Turgeon
73.4%
FJesse Winchester
73.4%
GPeter Sidorkiewicz
73.4%
DChris Luongo
73%
FVaclav Varada
73%
DRadim Bicanek
72.7%
DKen Hammond
72.7%
FTroy Mallette
72.7%
FAlexander Nikulin
72.7%
G*Ben Bishop
72.5%
FBlair Atcheynum
72.4%
FTom Chorske
72.4%
DShane Hnidy
72.4%
DLuke Richardson
72.4%
DBrendan Bell
72%
F*Stephane Da Costa
72%
FTony Dahlman
72%
FRob Murphy
72%
DDavid Van Drunen
72%
F*Kaspars Daugavins
71.7%
FDarcy Loewen
71.7%
DChrister Olsson
71.7%
DAlexandre Picard
71.7%
FMichel Picard
71.7%
DAndy Sutton
71.7%
GDaniel Berthiaume
71.7%
GMike Brodeur
71.7%
FDerek Armstrong
71.3%
DChris Campoli
71.3%
FNelson Emerson
71.3%
FTomas Jelinek
71.3%
GMike Bales
71.3%
DBrad Miller
71%
FKevin Miller
71%
F*Jim O'Brien
71%
FBenoit Brunet
70.6%
FRandy Robitaille
70.6%
FOleg Saprykin
70.6%
FJason Zent
70.6%
FBrandon Bochenski
70.3%
FEvgeny Davydov
70.3%
FRob Gaudreau
70.3%
FSteve Larouche
70.3%
FNeil Brady
70%
FShean Donovan
70%
DKevin MacDonald
70%
FSteve Martins
70%
DJim Paek
70%
GMike Morrison
70%
FColin Forbes
69.6%
GSteve Weeks
69.6%
DGreg de Vries
69.3%
DDmitri Filimonov
69.3%
FBrooks Laich
69.3%
FMike Sillinger
69.3%
FMartin St.Pierre
69.3%
FVaclav Prospal
68.9%
FDoug Smail
68.9%
GMike Fountain
68.9%
GCurtis McElhinney
68.9%
DMark Osiecki
68.6%
FMike Peluso
68.6%
GDarrin Madeley
68.6%
D*Mark Borowiecki
68.4%
FIvan Ciernik
68.3%
DChris Dahlquist
68.3%
DRadek Hamr
68.3%
FRyan Keller
68.3%
FBruce Gardiner
67.9%
DHank Lammens
67.9%
FMartin Lapointe
67.9%
FStephen Leach
67.9%
DTomas Malec
67.9%
Position Player % Correct
FMartin St.Amour
67.9%
DPatrick Traverse
67.9%
F*Mike Hoffman
67.8%
FChris Herperger
67.6%
FScott Levins
67.6%
FDanny Bois
67.2%
DErich Goldmann
67.2%
DJim Kyte
67.2%
FChad Penney
67.2%
DBobby Dollas
66.9%
FBill Muckalt
66.9%
DBrad Norton
66.9%
DBrian Pothier
66.9%
FDan Quinn
66.9%
FJohn Emmons
66.6%
GSimon Lajeunesse
66.6%
FJosh Langfeld
66.2%
DFilip Novak
66.2%
DPhil Von Stefenelli
66.2%
DGrant Ledyard
65.9%
FCorey Locke
65.5%
FRoman Wick
65.5%
FTed Drury
64.8%
FDavid Oliver
64.8%
FDenis Chasse
64.5%
FDenis Hamel
64.5%
DJoel Kwiatkowski
64.5%
DDominic Lavoie
64.5%
FSerge Payer
64.5%
DDavid Rundblad
64.3%
F*Nikita Filatov
64.3%
DSteve Konroyd
64.2%
DFrantisek Musil
64.2%
FMarc Fortier
63.8%
FMark Freer
63.8%
DJohn Gruden
63.8%
FJody Hull
63.8%
DKent Paynter
63.8%
DDavid Hale
63.5%
FJosh Hennessy
63.5%
DRicard Persson
63.5%
FHerb Raglan
63.5%
FRyan Shannon
63.5%
FViacheslav Butsayev
63.1%
DSean Hill
63.1%
FLonnie Loach
63.1%
FBill Berg
62.8%
FDennis Bonvie
62.8%
FBill Huard
62.8%
FJeff Lazaro
62.8%
FRyan Potulny
62.8%
FAntti Tormanen
62.8%
FPhil Crowe
62.5%
FJarmo Kekalainen
62.5%
FJoey Tetarenko
62.5%
FJonathan Cheechoo
62.1%
FFrancis Lessard
62.1%
GMark LaForest
61.4%
FTed Donato
61.1%
FClaude Boivin
60.8%
FRobert Burakovsky
60.4%
FDaniel Guerard
60.4%
DJulien Vauclair
60.4%
FTony Cimellaro
60.1%
DJaroslav Modry
60.1%
DTodd Simpson
60.1%
DJoe Cirella
59.7%
DDerek Mayer
59.7%
FTrent McCleary
59.4%
FJim Thomson
59.4%
FMartin Straka
59%
DFrancois Leroux
58.4%
FGraeme Townshend
58%
DLawrence Nycholat
57.7%
FZenon Konopka
57.3%
DMatt Gilroy
57.3%
DKerry Huffman
56.7%
FGreg Pankiewicz
56%
FYves Sarault
56%
FPhil Bourque
55.6%
DSean Gagnon
54.9%
F*Andre Petersson
53.8%
FVladimir Ruzicka
53.6%
DDaniel Laperriere
52.9%
FBrad Lauer
52.2%
DPer Gustafsson
50.5%
FDave Hannan
50.5%
DBrian Glynn
50.2%
FAndy Schneider
50.2%
DJamie Rivers
46.4%
FMarek Svatos
45.4%
FEric Lacroix
44.7%
FRob Klinkhammer
41.5%

You're not logged in!

Compare scores with friends on all Sporcle quizzes.
OR
Log In

You Might Also Like...

Show Comments

Extras

Top Quizzes Today


Score Distribution

Your Account Isn't Verified!

In order to create a playlist on Sporcle, you need to verify the email address you used during registration. Go to your Sporcle Settings to finish the process.

Report this User

Report this user for behavior that violates our Community Guidelines.

Details: